000 01972nam0a2200313 i 4500
001 RU\NLR\BIBL_A\010413588
005 20260407073947.0
010 _a9785966912987
_9100
021 _aRU
_b2014-35197
_92146
035 _a(NILC)RuMoRGB-007496756
035 _a(NLR Aleph) 010413588
090 _a9774136
_c9774136
100 _a20140708d2014 u y0rusy50 ca
101 0 _arus
102 _aRU
105 _ay|||j|||001yy
200 1 _aСталинградская битва: краткая история
_eучебное пособие
_e[для студентов высшего профессионального образования по направлению подготовки 050100 Педагогическое образование профиля "История" (квалификация (степень) "бакалавр")]
_fГос. образоват. бюджет. учреждение культуры высш. проф. образования "Волгогр. гос. ин-т искусств и культуры"
_gавт.-сост.: Е.О. Кочеткова, М.Н. Серенко
210 _aВолгоград
_cИзд-во Волгоградского государственного университета
_d2014
215 _a175, [2] с.
_d21
320 _aБиблиогр. в конце гл.
606 1 _aСталинградская битва
_jУчебные издания для высших учебных заведений
_xИзучение в школе
_z1942 - 1943
_92458874
_3RU\NLR\AUTH\661461277
686 1 _aЧ426.31я73
702 1 _aКочеткова
_bЕ. О.
_gЕлена Олеговна
_4220
712 0 2 _4570
_aВолгоградский государственный институт искусств и культуры
_9574583
_3RU\NLR\AUTH\8810037926
801 0 _aRU
_bРГБ
_c20140523
_gRCR
942 _cBOOK
980 _aNBR